Grandes Batailles de l'histoire - Statistiques

Statistiques générales
  • Ce quiz a été pris 187 fois
  • Le résultat moyen est 3 sur 10
Statistiques - réponses
année nom Fait marquant/ conséquences Belligérants Vainqueur guerre % Correct
732 Bataille de Poitiers Arrêt de l’expansion musulmane en France Royaume francs,Duchés d'Aquitaine, Duché de Vasconie, Califat omeyyade Royaume francs,Duchés d'Aquitaine, Duché de Vasconie, Invasion omeyyade en France
98%
1415 Bataille d'Azincourt massacre des prisonniers français Royaume d'Angleterre, Royaume de France Royaume d'Angleterre Guerre de 100 ans
79%
1571 Bataille de Lépante Plus grande bataille navale depuis plus de 1500 ans Sainte Ligue, Empire Ottoman Sainte Ligue Guerre de Chypre
54%
1807 Bataille d'Eylau La plus grande charge de cavalerie Empire Français, Empire Russe, Royaume de Prusse Empire Français Guerre de la quatrième coalition
46%
1302 Bataille des éperons d'or Massacre de la chevalerie française Compté de Namur, Compté de Flandres, Corps Brabançons, Royaume de France Compté de Namur, Compté de Flandres, Corps Brabançons, Guerre de Flandre
15%
1700 Bataille de Narva Victoire totale due à la météo Royaume de Suède, Empire Russe Royaume de Suède Grande guerre du Nord
10%
1631 Bataille de Breitenfeld Ralliement des états protestant à la cause suédoise Royaume de Suède, Saxe, Saint-Empire, Ligue Catholique Royaume de Suède, Saxe Guerre de 30 ans
5%
1759 Bataille de Kunersdorf Pire défaite de Frédéric II Empire Russe, Saint-Empire, Royaume de Prusse Empire Russe, Saint-Empire Guerre de 7 ans
3%
1315 Bataille de Morgarten Indépendence de-facto de la suisse Uri, Schwytz, Unterwald, Duché d'Autriche Uri, Schwytz, Unterwald
3%
1632 Bataille de Lützen Mort de Gustave II Adolphe le Grand Royaume de Suède, Saxe, Saint-Empire, Ligue Catholique Royaume de Suède, Saxe Guerre de 30 ans
1%
Aucun quiz correspondant
Distribution des résultats
% des personnes avec chaque résultat
Percentile par nombre de réponses
Votre historique - résultats
Vous n’avez pas pris ce quiz